<?xml version="1.0" encoding="UTF-8"?>
<marc:record xmlns:marc="http://www.loc.gov/MARC21/slim">
   <marc:leader>00000nam a2200000 a 4500</marc:leader>
   <marc:datafield ind1="1" ind2=" " tag="100">
      <marc:subfield code="a">Fasching, Wolfgang</marc:subfield>
      <marc:subfield code="4">aut</marc:subfield>
      <marc:subfield code="e">Verfasser/-in</marc:subfield>
   </marc:datafield>
   <marc:datafield ind1=" " ind2=" " tag="653">
      <marc:subfield code="a">s||Bergsteigen</marc:subfield>
   </marc:datafield>
   <marc:datafield ind1="0" ind2="0" tag="245">
      <marc:subfield code="a">7 Summits</marc:subfield>
   </marc:datafield>
   <marc:datafield ind1="0" ind2="0" tag="245">
      <marc:subfield code="b">Erlebnisse, Erfahrungen, Erkenntnisse</marc:subfield>
   </marc:datafield>
   <marc:datafield ind1="0" ind2="0" tag="245">
      <marc:subfield code="c">Wolfgang Fasching</marc:subfield>
   </marc:datafield>
   <marc:datafield ind1=" " ind2="1" tag="264">
      <marc:subfield code="a">Wien</marc:subfield>
      <marc:subfield code="b">EGOTH-Verl.</marc:subfield>
      <marc:subfield code="c">2010</marc:subfield>
   </marc:datafield>
   <marc:datafield ind1=" " ind2=" " tag="250">
      <marc:subfield code="a">1. Aufl.</marc:subfield>
   </marc:datafield>
   <marc:datafield ind1="1" ind2=" " tag="520">
      <marc:subfield code="a">Die "Seven Summits" - das sind die sieben höchsten Gipfel der sieben Kontinente: Elbrus in Europa, Mt. Everest in Asien, Carstensz Pyramide in Australien/Ozeanien, Kilimandscharo in Afrika, Mt. Vinson in der Antarktis, Aconcagua in Südamerika und Mt. McKinley/Denali in Nordamerika. Der Österreicher Wolfgang Fasching hat alle Gipfel bestiegen und erzählt in diesem Buch über seine Erfahrungen und blickt tiefer. So schreibt er beispielsweise über Umweltverschmutzung in der Antarktis und im Himalaja, Menschenrechtsverletzungen in Indonesien, über den Lebensstil in Afrika. Fasching porträtiert die Erstbesteiger der Gipfel und kommuniziert, was sein "Seven Summits"-Projekt auch war: eine Reise um die Welt, um sich selbst zu finden. Mit einem Vorwort von Bergsteiger-Legende Pat Morrow.</marc:subfield>
   </marc:datafield>
   <marc:datafield ind1=" " ind2=" " tag="020">
      <marc:subfield code="a">9783902480668</marc:subfield>
      <marc:subfield code="9">9783902480668</marc:subfield>
   </marc:datafield>
   <marc:datafield ind1="3" ind2=" " tag="024">
      <marc:subfield code="a">9783902480668</marc:subfield>
   </marc:datafield>
   <marc:datafield ind1=" " ind2=" " tag="300">
      <marc:subfield code="a">256 S. : zahlr. Ill.</marc:subfield>
   </marc:datafield>
</marc:record>
